MDQL
is popping MORE tags! Check the
thread
!
Quizzes
Events
Quiz Creation
Community
Videos
Private Events
Remove Ads
Sign In
Join for FREE
Feedback
Dark Mode
Quiz Categories
Sports
Geography
Music
Movies
Television
Just For Fun
Miscellaneous
History
Literature
Language
Science
Gaming
Entertainment
Religion
Holiday
For Kids
Quiz Lab
Recent
Popular Today
Quiz Kudos Today
Editor Picks
Curator Picks
Quizzes by...
Day
Popularity
Type
Ratings
Length
Year
Community
Subscriptions
Recent Discussions
Orange Saloon
Badges
Playlists
Quests
Create
Leaderboards
Showdown
Live 5
Trivia Bingo
Activity
Puzzle Library
Sporcle Events
Private Events
Virtual Trivia
Globe League
Become a Host
Pub Owners
SporcleCon
Opinionation
Our Games
Videos
Blog
Mobile Apps
Partnerships
Remove Ads and Go Orange
Feedback
Miscellaneous
Crossword
General Knowledge
Baby Names
Logo
Food
Cars
Numbers
Grab Bag
University
College
Popular
Company
Slogans
Restaurants
Justice
Letter
Miscellaneous
Crossword
General Knowledge
Baby Names
Logo
Food
Cars
Numbers
Grab Bag
University
College
Popular
Company
Slogans
Restaurants
Justice
Letter
Random Quiz
Search Sporcle
×
Quiz Lab
Quiz Lab
Miscellaneous
TV Show
Type in answers that appear in a list
Type in answers that appear in a list
Classic
Best Score? Go Orange.
Strange, Unusual Pets Stats
Can you name the the type of animal each pet is?
By
zml15
8m
15 Questions
183 Plays
183 Plays
183 Plays
Comments
Comments
Give Quiz Kudos
Give Quiz Kudos
-
- Ratings
hide this ad
More Info
Forced Order
Answers have to be entered in order
Answers have to be entered in order
Random Order
Randomize order of answers
Randomize order of answers
Replay
Link that replays current quiz
Next Quiz
Link to next quiz in quiz playlist
You Got
0%
They Got
Avg Score
62%
Avg Friend Score
Upgrade to see
Score Distribution
Jump to the score distribution portion of the page
Score
0/15
Timer
08:00
0
Plays Today
Movie/Tv/Book
Animal
% Correct
Harry Potter (Books)
Snowy Owl
83.1%
Spongebob Squarepants (T.V)
Snail
82.5%
How to Train your Dragon (Movies)
Night Fury (Dragon)
80.9%
Aladdin (Movies)
Tiger
76%
Pocahontas (Movies)
Raccoon and Hummingbird
69.4%
Phineas and Ferb (T.V)
Platypus
66.1%
Tangled (Movies)
Chameleon
65%
Pokemon (T.V)
Pikachu (Electric Mouse)
65%
Movie/Tv/Book
Animal
% Correct
The Little Mermaid (Movies)
Eels
65%
Jimmy Neutron: Boy Genius (T.V)
Robotic Dog
64.5%
Finding Nemo (Movies)
Jellyfish
62.8%
The Nightmare Before Christmas (Movies)
Ghost Dog
57.9%
Johnny Test (T.V)
Anthropomorphic Talking Dog
55.2%
Percy Jackson and the Olympions (Books)
Pegasus
25.1%
Treasure Planet (Movies)
Morph
19.7%
Quiz Playlist
Details
Report
Send in Message
Add To Playlist
More Info:
Not your normal pets....
Classic:
Type in answers that appear in a list
Forced Order:
Answers have to be entered in order
Random Order:
Randomize order of answers
Quiz Source
Last Updated: Feb 16, 2017
Quiz Scoreboard
CHALLENGE
Sign Up to Join the Scoreboard
Show All
Scores
Hide
Comments
May contain spoilers
Recently Published
Holiday 10x10 Sorting Gallery
by lukepisani3
Holiday
15m
Two Season TV Shows II
by 123Four
Television
10m
Image Sorting: Flags VI
by Barbecue
Geography
2m
More to Explore
Quiz From the Vault
Featured Blog Post
14 Easter Pick-up Lines to Find Eggs With
hide this ad
You Might Also Like...
Tags
Animal Quiz
Book Quiz
TV Show Quiz
Cartoon Network
Disney Films
Dreamworks Animation
Nickelodeon
pet
strange
unusual
Today's Top Quizzes in Miscellaneous
Browse Miscellaneous
hide this ad
Today's Top Quizzes in TV Show
Browse TV Show
Top Contributed Quizzes in Miscellaneous
1
The JOE quick-fire general knowledge quiz: Day 174
2
9x9 Crossword: Disney Movie Titles
3
The JOE quick-fire general knowledge quiz: Day 173
4
5-to-1: Fast Food
5
9x9 Crossword: Charlie and the Chocolate Factory
6
9x9 Crossword: The Simpsons
7
9x9 Crossword: Flags
8
9x9 Crossword: Actors
9
9x9 Crossword: 2022 Movies
10
9x9 Crossword: Pixar Movie Titles
Explore More
Trending Topics
Anime
Marvel
NBA
Kpop
Disney
Crossword
Harry Potter
Soccer
Country
WWE
Puzzle
NFL
Song
The Office
Pokémon
hide this ad
More By:
zml15
Quiz
Plays
Rating
Category
Featured
Created
Pixar Movies: Oldest to Newest
3,498,735
4.09
Movies
Apr 13, 2012
Percy Jackson vs. Harry Potter
18,563
3.10
Literature
Dec 20, 2010
Disney/Pixar Alter-Egos
11,396
4.19
Movies
Apr 10, 2014
Owning Up to Disney Music
10,903
4.42
Movies
Nov 22, 2013
Super Smash Bros. Brawl Roster Order
9,290
2.14
Gaming
Feb 19, 2011
Go to Creator's Profile
Score Distribution
Quiz Creator Spotlight
zml15
Follow
Send a Message
Quizzes Created
-
Created Quiz Play Count
-
More By This Creator
Popular Quizzes Today
1
Find the US States - No Outlines Minefield
2
Colored Red Africa Blitz
3
Find the 'City' Movie
4
The Countries of the World
5
Find the US States
6
5x2 Blitz: Bands
7
Find the Countries of Europe - No Outlines Minefield
8
US States
More Miscellaneous Quizzes
Canadian Crossword
Curator's Pick
Trending Quizzes
Colored Red Europe Blitz I
Colored Red Europe Blitz II
Colored Red Africa Blitz II
Colored Red Europe Blitz III
Colored Red Africa Blitz III
Recently Updated
Odd Team Out - Big 4 Players
pecheneg
Quick Pick: 20 Twenties
pecheneg
March Madness Men's Triple Doubles
pecheneg
How Do You Spell That?
pecheneg
Godzilla Movies
pecheneg
Grab Bag: 4-10 Letters
pecheneg
2024 March Madness Bracket
pecheneg
Famous TV Couples
Peacemaker
Champions League XIs: Real Madrid
pecheneg
Largest US Cities 1790-2010
pecheneg
Trending Topics
Crossword
Anime
Disney
NBA
Harry Potter
Kpop
Marvel
Puzzle
NFL
The Office
WWE
Pokémon
Song
Soccer
Country
Your Account Isn't Verified!
In order to create a playlist on Sporcle, you need to verify the email address you used during registration. Go to your
Sporcle Settings
to finish the process.
Report this User
Report this user for behavior that violates our
Community Guidelines
.
Details:
Send Report
Go to the Sporcle.com Mobile Site →
Comments